| 000 | 00636cam a22002172 4500 | ||
|---|---|---|---|
| 001 | 0000013027 | ||
| 005 | 20151217145859.0 | ||
| 008 | 090520s xx 000 0 eng d | ||
| 020 | _a8126509041 : | ||
| 040 |
_aKABU _cKABU |
||
| 100 | 1 |
_aHaykin, Simon. _@0000170082 |
|
| 245 | 1 | 0 |
_aCommunication systems / _cSimon Haykin. |
| 250 | _a4th ed. | ||
| 260 |
_aNew Delhi : _bWiley India, _c2001. |
||
| 300 | _axvi, 816 p. | ||
| 650 | 0 |
_aTelecommunication. _@0000156321 |
|
| 650 | 0 |
_aSignal theory (Telecommunication) _@0000148476 |
|
| 852 | 1 | _9p3280 KES | |
| 908 | _a090520 | ||
| 950 | _@1 | ||
| 999 |
_c3652 _d3652 |
||